Priame zahraničné investície a ich vplyv na výkonnosť výrobných podnikov v Slovenskej republike

Zhodnotenie vplyvu priamych zahraničných investícií (PZI) vo vymedzenej oblasti na podnikovú sféru a na ekonomiku SR. Výber a transfer technológií PZI. Ukazovatele produktivity práce a pridanej hodnoty - porovnanie za SR a vybrané organizácie s PZI. Produktivita práce a pridaná hodnota podľa úrovne...

Ausführliche Beschreibung

Gespeichert in:
Bibliographische Detailangaben
1. Verfasser: Sabol, Tomáš
Weitere Verfasser: Hošková, Adela
Format: Buchkapitel
Sprache:Slowakisch
Schlagworte:
Tags: Tag hinzufügen
Keine Tags, Fügen Sie das erste Tag hinzu!

MARC

LEADER 00000naa$a2200000$$$4500
001 0008314
005 20231102102455.6
041 0 |a slo 
044 |a SK 
245 1 0 |a Priame zahraničné investície a ich vplyv na výkonnosť výrobných podnikov v Slovenskej republike  |c aut. Tomáš Sabol, Adela Hošková 
520 |a Zhodnotenie vplyvu priamych zahraničných investícií (PZI) vo vymedzenej oblasti na podnikovú sféru a na ekonomiku SR. Výber a transfer technológií PZI. Ukazovatele produktivity práce a pridanej hodnoty - porovnanie za SR a vybrané organizácie s PZI. Produktivita práce a pridaná hodnota podľa úrovne technológie. Rozptylové efekty PZI. Vplyv výkonnosti slovenských podnikov s PZI na obchodnú a platobnú bilanciu. 
610 2 0 |a Slovensko 
610 2 0 |a investície priame zahraničné 
610 2 0 |a podnik výrobný 
610 2 0 |a výkonnosť 
610 2 0 |a produktivita práce 
610 2 0 |a hodnota pridaná 
610 2 0 |a technológia výroby 
610 2 0 |a priemysel 
610 2 0 |a bilancia obchodná 
610 2 0 |a bilancia platobná 
100 1 |a Sabol, Tomáš 
700 1 |a Hošková, Adela